000 02905cam a2200553 i 4500
001 xx004869867
003 NUKAT
005 20260428122817.0
008 200526s2020 pl a |000 0bpol c
020 _a9788380988194
_q(oprawa twarda ;
_qIPN) :
_czł 15,00
020 _a9788388202681
_q(oprawa twarda ;
_qWydawnictwo im. Stefana Kardynała Wyszyńskiego "Soli Deo") :
_czł 15,00
035 _a(OCoLC)1156642923
035 _a(NUKAT)xx004869867
040 _aKAT U/JP
_bpol
_erda
_cKAT U/JPs
_dKAT U/AW
_dWA 392/MD
_dOLSZT 008/bak
045 2 _bd1901
_bd1981
046 _k2020
100 1 _aŁatka, Rafał
_d(1985- ).
_eAutor
_915865
245 1 0 _aPrymas Stefan Wyszyński :
_bbiografia /
_cRafał Łatka, Beata Mackiewicz, Dominik Zamiatała ; Instytut Pamięci Narodowej - Komisja Ścigania Zbrodni przeciwko Narodowi Polskiemu, Wydawnictwo im. Stefana Kardynała Wyszyńskiego "Soli Deo".
260 _a[Warszawa] :
_bInstytut Pamięci Narodowej - Komisja Ścigania Zbrodni przeciwko Narodowi Polskiemu :
_bWydawnictwo im. Stefana Kardynała Wyszyńskiego "Soli Deo",
_c© copyright 2020.
300 _a116, [1] strona :
_bilustracje (w tym kolorowe) ;
_c25 cm.
336 _aTekst
_btxt
_2rdacontent
337 _aBez urządzenia pośredniczącego
_bn
_2rdamedia
338 _aWolumin
_bnc
_2rdacarrier
380 _aKsiążki
380 _aPublikacje popularnonaukowe
388 1 _a2001-
490 1 _aBiskupi w Realiach Komunistycznego Państwa
490 1 _aCentralny Projekt Badawczy IPN - Władze Komunistyczne wobec Kościołów i Związków Wyznaniowych w Polsce 1944-1989
500 _aMiejsce wydania ustalone na podstawie siedziby wydawców.
504 _aBibliografia strony 108-[117].
600 0 7 _aStefan Wyszyński
_c(błogosławiony ;
_d1901-1981)
_2DBN
_939675
600 0 7 _aStefan Wyszyński
_c(błogosławiony ;
_d1901-1981)
_vbiografie.
_2kaba
_939676
648 7 _a1901-2000
_2DBN
_934996
650 7 _aDuchowieństwo katolickie
_2DBN
_935375
650 7 _aPrymasi
_2DBN
_935376
651 7 _aPolska
_2DBN
_935076
655 7 _aBiografia
_2DBN
_935059
658 _aHistoria
658 _aReligia i duchowość
700 1 _aMackiewicz, Beata.
_eAutor
_939672
700 1 _aZamiatała, Dominik
_d(1967- ).
_eAutor
_916248
710 2 _aInstytut Pamięci Narodowej - Komisja Ścigania Zbrodni przeciwko Narodowi Polskiemu.
_eInstytucja sprawcza
_eWydawca
_4pbl
_911792
710 2 _aWydawnictwo im. Stefana Kardynała Wyszyńskiego "Soli Deo".
_eInstytucja sprawcza
_eWydawca
_4pbl
_939674
830 0 _aBiskupi w Realiach Komunistycznej Władzy
_916421
830 0 _aWładze Komunistyczne wobec Kościołów i Związków Wyznaniowych w Polsce 1944-1989
_918363
920 _a978-83-8098-819-4 (oprawa twarda ; IPN) : zł 15,00
920 _a978-83-88202-68-1 (oprawa twarda ; Wydawnictwo im. Stefana Kardynała Wyszyńskiego "Soli Deo") : zł 15,00
942 _2ddc
_cBK_NM
999 _c27838
_d27838